00699nam a22001937a 4500999001900000005001700019010001500036020002600051035001400077037001300091082001100104100002000115245008700135260004500222270005700267300002000324942002500344952013600369 c188882d18888220220607111428.0 aENG-133059 a9788194318040c120.00 aEN-116591 bDBAD/PUB a155.28 aBahl, Gitanjali aHandbook on Relieving Neck and Back Pain Due to Long Sitting Jobs/cGitanjali Bahl aDelhi NCRbOrangebooks Publicationc2019 aVishwavidyalaya Marg, Civil LinesbDelhi NCRe110054 a41p.c20cm(pbk) 2ddccENmBAHh155.28 001040708NFICaAVbAVd2022-06-07eDBAD/PUBg120.00l2m1o155.28 BAHpEN-116591r2023-05-20 00:00:00s2023-05-11t1v120.00yEN